Библиографическая работа вузовских библиотек / (Record no. 105154)
[ view plain ]
| 000 -LEADER | |
|---|---|
| fixed length control field | 00969nam a2200217 u 4500 |
| 001 - CONTROL NUMBER | |
| control field | 000287100 |
| 003 - CONTROL NUMBER IDENTIFIER | |
| control field | AM-YeHGA |
| 005 - DATE AND TIME OF LATEST TRANSACTION | |
| control field | 20250617125824.0 |
| 008 - FIXED-LENGTH DATA ELEMENTS--GENERAL INFORMATION | |
| fixed length control field | 031124s1989 ||| r 000 0 rus d |
| 020 ## - INTERNATIONAL STANDARD BOOK NUMBER | |
| International Standard Book Number | 5746404055 |
| 040 ## - CATALOGING SOURCE | |
| Original cataloging agency | AM-YeHGA |
| 041 0# - LANGUAGE CODE | |
| Language code of text/sound track or separate title | rus |
| 090 ## - LOCALLY ASSIGNED LC-TYPE CALL NUMBER (OCLC); LOCAL CALL NUMBER (RLIN) | |
| -- | 106478 |
| 245 00 - TITLE STATEMENT | |
| Title | Библиографическая работа вузовских библиотек / |
| Statement of responsibility, etc. | Редкол.: Г.А. Аухадиева (отв. ред.) В.И. Шишкин. |
| 260 ## - PUBLICATION, DISTRIBUTION, ETC. | |
| Place of publication, distribution, etc. | Казань : |
| Name of publisher, distributor, etc. | Изд-во Казан. ун-та, |
| Date of publication, distribution, etc. | 1989. |
| 300 ## - PHYSICAL DESCRIPTION | |
| Extent | 46 с. |
| 504 ## - BIBLIOGRAPHY, ETC. NOTE | |
| Bibliography, etc. note | Библиогр. в примеч. |
| 653 0# - INDEX TERM--UNCONTROLLED | |
| Uncontrolled term | Библиография - Методика преподавания - Сборники |
| 653 0# - INDEX TERM--UNCONTROLLED | |
| Uncontrolled term | Библиотеки высших учебных заведений -Пропаганда библиотечно - библиографических знаний - Сборники |
| 700 1# - ADDED ENTRY--PERSONAL NAME | |
| Personal name | Аухадиева, Г.А. |
| Relator term | ред. |
| Relationship | edt |
| Withdrawn status | Lost status | Damaged status | Not for loan | Collection | Home library | Current library | Date acquired | Total checkouts | Full call number | Barcode | Date last seen | Price effective from | Koha item type | Public note |
|---|---|---|---|---|---|---|---|---|---|---|---|---|---|---|
| General | Fundamental Scientific Library | Fundamental Scientific Library | 22/12/2016 | 027.7:01 | 120607999 | 22/12/2016 | 22/12/2016 | Գրքեր / Books | 30 Days Loan | |||||
| General | Fundamental Scientific Library | Fundamental Scientific Library | 22/12/2016 | 027.7:01 | 120636883 | 22/12/2016 | 22/12/2016 | Գրքեր / Books | 30 Days Loan |
ՀՀ Գիտությունների ազգային ակադեմիայի հիմնարար գիտական գրադարան = Fundamental Scientific Library of NAS RA
All site content, except where otherwise noted, is licensed under a